Hermione Granger Quiz - Statistics

General Stats
  • This quiz has been taken 118 times
  • The average score is 9 of 14
Answer Stats
Question Answer % Correct
Who is Hermione Granger's enemie? Draco Malfoy
93%
Who does Hermione hit in her third year? Draco Malfoy
93%
Does Hermione have a sibling? No
91%
Does Hermione have glasses? No
91%
Who did Hermione Granger marry? Ron Weasley
91%
What is Hermione's parents job? Dentists
78%
What is Hermione's pet called? Crookshanks
76%
What is Hermione's patronus? Otter
70%
What is the magical object Hermione gets in her 3rd year? Time Turner
67%
What are Hermione's parents? Muggles
62%
What is Hermione's blood status? Muggleborn
59%
What spell does Hermione use on Neville Longbottom in her 1st year? Petrificus Totalus
38%
Which book did Dumbledore give to Hermione Granger in his will? The Tales of Beedle the Bard
32%
What material makes up the core of Hermione’s wand? Vine Wood and Dragon Heartstring
5%
No matching quizzes found
Score Distribution
Percent of People with Each Score
Percentile by Number Answered
Your Score History
You have not taken this quiz